| 000 | 00853nas a2200265 4500 | ||
|---|---|---|---|
| 001 | BR0500141 | ||
| 003 | BR-BrBNA | ||
| 005 | 20231205105042.0 | ||
| 007 | ta | ||
| 008 | 230509b bl.|||p| |||| 00| 00por d | ||
| 040 |
_aBR-BrBNA _bpor _cBiblioteca Nacional de Agricultura |
||
| 041 | _a(Pt) | ||
| 072 | _aP33 | ||
| 100 | 1 | _aGervásio, E.S. | |
| 100 | 1 | _aFrizzone, J.A. | |
| 245 | 1 | _aCaracterização físico-hídrica de um condicionador de solo e seus efeitos quando misturado a um substrato orgânico | |
| 650 | _aCONDICIONADOR DO SOLO | ||
| 650 | _aSUBSTRATO DE CULTURA | ||
| 650 | _aRELAÇÃO SOLO-ÁGUA | ||
| 650 | _aABSORÇÃO | ||
| 650 | _aPROPRIEDADE FÍSICO-QUÍMICA | ||
| 773 | 0 |
_tIrriga (Brazil) _xISSN 1413-7895 _g(May-Aug 2004), v. 9(2) p. 94-105 _wBR0500141 |
|
| 909 |
_a202311 _bLúcia _c55 _dLúcia Elande |
||
| 942 |
_2AGRIS _n0 _cANA |
||
| 999 |
_c180995 _d180995 |
||